| 000 | 02189cam a22004934i 4500 | ||
|---|---|---|---|
| 003 | PE-LiUPU | ||
| 005 | 20250731172943.0 | ||
| 008 | 150623s r 000 0 d | ||
| 020 | _a0824516249 | ||
| 035 | _a(Sirsi) i9780824516246 | ||
| 040 |
_aPE-LiUPU _bspa _cPE-LiUPU _erda |
||
| 049 | _aPRUA | ||
| 082 | 0 | 4 |
_a227.1077 _bJ67 _221 |
| 100 | 1 |
_aJohnson, Luke Timothy, _eautor. |
|
| 245 | 1 | 0 |
_aReading romans : _ba literary and theological commentary / _cLuke Tomothy Johnson. |
| 264 | 1 |
_aNew York : _bThe Crossroad Publishing Company, _c1997. |
|
| 300 |
_a224 páginas ; _c23 centímetros |
||
| 336 |
_atext _2rdacontent |
||
| 337 |
_aunmediated _2rdamedia |
||
| 338 |
_avolume _2rdacarrier |
||
| 490 | 0 | _aReading the New Testament series | |
| 505 | 0 | _aThe good news of God's righteousness. -Faithless humanity and the Power of Sin. -God's fairness revealed in Jesus' faith. -How faith works: the example of Abraham. -God's gift in Christ Jesus. -Answering objections: Grace, sin, and law. -Life in Spirit. -God's plan for the salvation of Jew and gentile. -the transformation of moral consciousness. -Righteousness in the Christian commnunity. -Paul's plan and appeal. | |
| 526 | _aSEG42 | ||
| 526 | _aSEG41 | ||
| 526 | _aSEG40 | ||
| 526 | _aSEG39 | ||
| 526 | _aP94 | ||
| 526 | _aP87 | ||
| 526 | _aP86 | ||
| 526 | _aP85 | ||
| 526 | _aP77 | ||
| 526 | _aP76 | ||
| 526 | _aP35 | ||
| 630 |
_aBiblia. _pN.T. _pRomanos _xComentarios. |
||
| 942 |
_2ddc _cBOOK |
||
| 949 |
_a227.1077 J67 _wDEWEY _c1 _i44665 _lCCODEBUL1 _mBUL _r0 _sY _tBOOK _u2015-6-24 _xTEOLOGIA _PP35 _0COMPRA _o.STAFF. Colección General |
||
| 949 |
_a227.1077 J67 _wDEWEY _c2 _i46348 _lCCODEBUL1 _mBUL _r0 _sY _tBOOK _u2015-6-24 _xTEOLOGIA _PP35 _0COMPRA _o.STAFF. Colección General |
||
| 994 |
_aC0 _bPEPRU |
||
| 596 | _a1 | ||
| 999 |
_a227.1077 J67 _wDEWEY _c21526 _i44665 _f2021-11-9 _g5 _lCCODEBUL1 _mBUL _r0 _sY _tBOOK _u2015-6-24 _xTEOLOGIA _PP35 _0COMPRA _o.STAFF. Colección General _d21526 |
||
| 999 |
_a227.1077 J67 _wDEWEY _c2 _i46348 _f2021-11-9 _g5 _lCCODEBUL1 _mBUL _r0 _sY _tBOOK _u2015-6-24 _xTEOLOGIA _PP35 _0COMPRA _o.STAFF. Colección General |
||
| 980 |
_81 _gALBERTO SANCHEZ Responsable de Automatización |
||